Score 0/10 Timer 01:00
0 Plays Today
% Correct
James Cameron
91.4%
Steven Spielberg
90.6%
Mel Gibson
89.8%
Kevin Costner
86.7%
Clint Eastwood
84%
Robert Zemeckis
70.8%
Sam Mendes
65.5%
Jonathan Demme
62.7%
Anthony Minghella
56.8%
John Madden
44.3%

Today's Daily Dose

Missing Word
Domicile Things

Word Ladder
Rock Bottom

Get the Picture
Cocktails

Remove Ads.
Support Sporcle.
Get the best of Sporcle when you Go Orange. This ad-free experience offers more features, more stats, and more fun while also helping to support Sporcle. Thank you for becoming a member.

You're not logged in!

Compare scores with friends on all Sporcle quizzes.
OR
Log In

Sporcle TV

Today on Sporcle TV


Watch our educational content, quiz creation guides, and fun videos on Sporcle TV.

Show Comments

Extras

Top Quizzes Today


Score Distribution

Paid Content

Your Account Isn't Verified!

In order to create a playlist on Sporcle, you need to verify the email address you used during registration. Go to your Sporcle Settings to finish the process.

Report this User

Report this user for behavior that violates our Community Guidelines.

Details: